| 000 | 00873cad a22002175a 4500 | ||
|---|---|---|---|
| 001 | L152627 | ||
| 008 | 110406s2011 xxk 000 0 eng d | ||
| 035 | _a(Sirsi) u152627 | ||
| 041 | 0 | _aeng | |
| 100 | 1 | _aMcMillan, Russell | |
| 245 | 0 | 0 | _aWhat occupiers need to know |
| 260 | _c2011 | ||
| 490 | 0 |
_aRICS Commercial Property Journal _vMarch-April 2011, 12-13(2) |
|
| 520 | _aLooks at the proposed changes to lease accounting from the occupier's perspective. | ||
| 590 | _aKA | ||
| 651 | 4 | _aInternational | |
| 690 | _aPROPERTY-COMMERCIAL PROPERTY-LEASEHOLD COMMERCIAL PROPERTY-COMMERCIAL LANDLORD AND TENANT-COMMERCIAL LEASES | ||
| 690 | _aMANAGEMENT-BUSINESS MANAGEMENT-FINANCIAL MANAGEMENT-ACCOUNTING | ||
| 856 | 4 | 0 |
_uhttps://www.rics.org/site/scripts/documents.aspx?categoryID=316 _z RICS members can view this article free of charge at www.rics.org |
| 942 | _n0 | ||
| 999 |
_c83038 _d83038 |
||